Doctor Faustus

محفوظ في:
التفاصيل البيبلوغرافية
المؤلف الرئيسي: Marlowe, Christopher
التنسيق: كتاب
اللغة:Undetermined
منشور في: Londres, Inglaterra Methuen 1965
الموضوعات:
الوسوم: إضافة وسم
لا توجد وسوم, كن أول من يضع وسما على هذه التسجيلة!

MARC

LEADER 00000nam a2200000Ia 4500
008 170316s9999 xx 000 0 und d
040 |a cru BVZT 
090 |a 820 M-7d 
100 |a Marlowe, Christopher 
245 |a Doctor Faustus 
260 |a Londres, Inglaterra 
260 |b Methuen 
260 |c 1965 
300 |a 180 páginas 
650 |a LITERATURA INGLESA 
999 |c 7033  |d 7033 
942 |c 15 D  |h 820 M-7d  |2 z